000 nam a22 7a 4500
999 _c15334
_d15334
008 161031b xxu||||| |||| 00| 0 eng d
020 _a9781457687358
020 _a1457687356
020 _a9781457640070
020 _a1457640074
050 _aE 169.12 .M55 2015
100 _aMiller, James S.
245 _aActing Out Culture :
_bReadings for Critical Inquiry/
_cJames S. Miller.
250 _a3rd ed.
260 _aBoston :
_bBedford/St. Martin's,
_c 2015.
300 _axx, 82p. :
_c23cm.
650 _a Popular culture
_xUnited States
_yProblems, exercises, etc.
650 _aCritical thinking
_xProblems, exercises, etc.
650 _a Report writing
_xProblems, exercises, etc.
942 _2lcc
_cBOOKS
_hE 169.12 .M55 2015